000 01634nam a2200289 a 4500
001 000021210
003 DO-SdBNP
005 20250318154220.0
008 100902t1991 xxua 000 0 spa d
020 _a1560631597
040 _aDO-SdBNP
_bspa
_cBNPHU
049 _aBNPD
082 4 _a923.9
_bC719L
_222
100 1 _aLockward Pérez, Jorge Alfonso,
_d1937-2001
_92059
245 1 0 _aAlgunas cruces altas con el "Libro de las profecías", de Cristobal Colón /
_cAlfonso Lockward.
260 _aMiami :
_bUnilit,
_c1991.
300 _a298 p. :
_bil. ;
_c22 cm.
500 _aIncluye índice onomástico.
500 _aIncluye bibliografía y notas al final de capítulos.
504 _aBibliografía : p. 285-287.
505 0 _tAlgunas cruces altas --
_tLos conocimientos bíblicos de Colón --
_tOrigen judío de Colón --
_tLa influencia de la iglesia --
_tLo material y lo espiritual --
_tLa conversión de los indios --
_tLa conquista de Jerusalén --
_tEl misticismo de Colón --
_tEl mesianismo de Colón --
_tLa escatología del Almirante --
_tEl Dios de Colón --
_tLa devoción mariana de Colón --
_tLos sufrimientos de Colón --
_tDetalles sobre el Libro de las profecías --
_tLibro de las profecías /
_rCristóbal Colón --
_tBibliografía --
_tÍndice de personas y lugares.
600 1 4 _aColón , Cristóbal,
_d1451-1506
_tLibro de las profecías
_xCrítica e interpretación
_944338
600 4 _aColón, Cristóbal,
_d1436-1456
_xReligión
_919795
651 4 _aAmérica --
_xDescubrimiento y exploración --
_xEspañoles
_9544
_vEnsayo, conferencias, etc.
910 _aValidado. Control de calidad EMS.
942 _2ddc
_cLBS1
999 _c20711
_d20711